00438cam a2200157ua 45000010005000000080039000050400009000440820012000532450056000652500009001212600040001303000021001706530022001916530036002137000031002491097110428n ii |||gr||||Z||||||eng cMAIN a342.0291 aConstitutional history if Indiacby S.M. Chaturvedi a1st. aAllahabad:bCentral law agency,968. avi, 264p.:c5cm. aPolitical science aConstitutional history of India aChaturvedi, S.M.,eAuthor.